تجربة حياة القائد محمد عبدالله صادق اخر الامناء في عهد الملك عبدالعزيز / (Record no. 5057)

MARC details
000 -LEADER
fixed length control field 00937nam a2200217 a 4500
001 - CONTROL NUMBER
control field 5059
005 - DATE AND TIME OF LATEST TRANSACTION
control field 20221127091100.0
008 - FIXED-LENGTH DATA ELEMENTS--GENERAL INFORMATION
fixed length control field 190929s lua a | 00100bara d
035 ## - SYSTEM CONTROL NUMBER
System control number 701
082 00 - DEWEY DECIMAL CLASSIFICATION NUMBER
Classification number 923.5531
Item number ح459
100 1# - MAIN ENTRY--PERSONAL NAME
Personal name حميد، محمد ابوبكر.
245 10 - TITLE STATEMENT
Title تجربة حياة القائد محمد عبدالله صادق اخر الامناء في عهد الملك عبدالعزيز /
Statement of responsibility, etc. محمد ابوبكر حميد.
250 ## - EDITION STATEMENT
Edition statement الطبعة الاولى.
260 ## - PUBLICATION, DISTRIBUTION, ETC.
Place of publication, distribution, etc. القاهرة ؛
-- بيروت :
Name of publisher, distributor, etc. الدار العربية اللبنانية،
Date of publication, distribution, etc. 2018.
300 ## - PHYSICAL DESCRIPTION
Extent 158 ص. :
Other physical details ايضاحيات، صور ؛
Dimensions 24 سم.
504 ## - BIBLIOGRAPHY, ETC. NOTE
Bibliography, etc. note يتضمن ارجاعات ببليوجرافية وكشاف.
600 04 - SUBJECT ADDED ENTRY--PERSONAL NAME
Personal name صادق، محمد عبدالله،
Dates associated with a name ت.1972.
650 #4 - SUBJECT ADDED ENTRY--TOPICAL TERM
Topical term or geographic name entry element القادة العسكريون.
651 #4 - SUBJECT ADDED ENTRY--GEOGRAPHIC NAME
Geographic name السعودية
Form subdivision تراجم.
651 #4 - SUBJECT ADDED ENTRY--GEOGRAPHIC NAME
Geographic name السعودية
General subdivision تاريخ حديث.
Holdings
Withdrawn status Lost status Source of classification or shelving scheme Damaged status Not for loan Home library Current library Date acquired Total Checkouts Full call number Barcode Date last seen Copy number Price effective from Koha item type
              11/27/2022   923.5531 ?459 1000000017731 11/27/2022 C2 11/27/2022 Book
          CENTRAL CENTRAL 11/27/2022   923.5531 ح459 1000000015015 11/27/2022 C1 11/27/2022 Book